000 00737nam a2200289Ia 4500
005 20260324142144.0
008 008 260324s9999 xx 000 0 eng d
020 _a9781003502883
037 _aEBOOK
040 _aCRL
040 _beng
040 _cCRL
041 _2eng
041 _aeng
084 _qCRL
100 _aRalf Weber
_91210891
245 0 _aOn the Aesthetics of Architecture
245 2 _bA Psychological Approach to the Structure and the Order of Perceived Architectural Space
260 _bTaylor and Francis
260 _c1995
365 _a
365 _b165
856 _uhttp://www.taylorfrancis.com/books/9781003502883
942 _cEBOOK
999 _c1814750
_d1814750